L'heureuse annonce selon Marc (Record no. 234404)
[ view plain ]
| 000 -CABECERA | |
|---|---|
| Campo de control de longitud fija | 00454nam a22001577u 4500 |
| 008 - CÓDIGOS DE INFORMACIÓN DE LONGITUD FIJA | |
| Campo de control de longitud fija | 130405s2008 xxu||||| |||| 00| 0 fre d |
| 020 ## - NÚMERO INTERANCIONAL NORMALIZADO PARA LIBROS (ISBN) | |
| Número Internacional Normalizado para Libros (ISBN) | 9782204086899 |
| 041 ## - CÓDIGO DE LENGUA | |
| Código de lengua del texto/banda sonora o título independiente | fre |
| 001 - NÚMERO DE CONTROL | |
| Campo de control | 83845 |
| 100 1# - PUNTO DE ACCESO PRINCIPAL-NOMBRE DE PERSONA | |
| Nombre de persona | Delorme, Jean |
| 9 (RLIN) | 10467 |
| 245 00 - MENCIÓN DE TÍTULO | |
| Título | L'heureuse annonce selon Marc |
| Resto del título | :Lecture intégrale du d évangile II |
| Mención de responsabilidad, etc. | Jean Delorme |
| 260 ## - PUBLICACIÓN, DISTRIBUCIÓN, ETC... (PIE DE IMPRENTA) | |
| Lugar de publicación, distribución, etc. | París: |
| Nombre del editor, distribuidor, etc. | Du Cerf, |
| Fecha de publicación, distribución, etc. | 2008 |
| 300 ## - DESCRIPCIÓN FÍSICA | |
| Extensión | 613 p. |
| Dimensiones | ;21 cm. |
| 630 04 - PUNTO DE ACCESO ADICIONAL DE MATERIA-TÍTULO UNIFORME | |
| Título uniforme | Biblia |
| Nombre de parte o sección de la obra | N.T. |
| -- | Evangelios |
| 9 (RLIN) | 13405 |
| 942 ## - ENTRADA DE ELEMENTOS AGREGADOS (KOHA) | |
| Koha [por defecto] tipo de item | Libros |
| Suprimido | Perdido | Estropeado | No para préstamo | Localización permanente | Localización actual | Localización en estantería | Fecha adquisición | Préstamos totales | Signatura completa | Número de Registro / Código de Barras | Fecha última consulta | Fecha del precio de reemplazo | Tipo de item de Koha |
|---|---|---|---|---|---|---|---|---|---|---|---|---|---|
| San Esteban | San Esteban | Depósito de libros | 21/05/2013 | 226 MC Delo | 83845 | 21/05/2013 | 21/05/2013 | Libros |
